Yoga trong đời sống thường ngày

محفوظ في:
التفاصيل البيبلوغرافية
المؤلف الرئيسي: K S Joshi
التنسيق: كتاب
اللغة:Undetermined
منشور في: Tp.HCM Thể Dục Thể Thao 1996
الموضوعات:
الوسوم: إضافة وسم
لا توجد وسوم, كن أول من يضع وسما على هذه التسجيلة!
Thư viện lưu trữ: Trung tâm Học liệu Trường Đại học Cần Thơ
LEADER 00502nam a2200181Ia 4500
001 CTU_24549
008 210402s9999 xx 000 0 und d
082 |a 613.7046 
082 |b J83 
100 |a K S Joshi 
245 0 |a Yoga trong đời sống thường ngày 
245 0 |c K S Joshi 
260 |a Tp.HCM 
260 |b Thể Dục Thể Thao 
260 |c 1996 
650 |a physical fitness,yoga 
904 |i Ngân, 980715 
980 |a Trung tâm Học liệu Trường Đại học Cần Thơ